La afectividad en el niño : (Record no. 80490)

MARC details
000 -CABECERA
campo de control de longitud fija 00789nam a2200253 a 4500
005 - FECHA Y HORA DE LA ÚLTIMA TRANSACCIÓN
campo de control 20241012063846.0
008 - ELEMENTOS DE LONGITUD FIJA--INFORMACIÓN GENERAL
campo de control de longitud fija 010521s19901999mx r 000 0 spa d
020 ## - NÚMERO INTERNACIONAL NORMALIZADO PARA LIBROS
Número Internacional Estándar del Libro 9682435854
035 ## - NÚMERO DE CONTROL DEL SISTEMA
Número de control de sistema UPN01000106578
049 ## - COLECCIÓN
Colección CG
050 #4 - SIGNATURA TOPOGRÁFICA DE LA BIBLIOTECA DEL CONGRESO
Número de clasificación LB1117
Número de documento/Ítem A4.2 1990
100 1# - ASIENTO PRINCIPAL--NOMBRE PERSONAL
Nombre de persona Alonso Palacios, María Teresa.
245 13 - MENCIÓN DE TÍTULO
Título La afectividad en el niño :
Resto del título manual de actividades preescolares /
Mención de responsabilidad, etc. María Teresa Alonso Palacios.
250 ## - MENCIÓN DE EDICIÓN
Mención de edición 2a ed.
260 ## - PUBLICACIÓN, DISTRIBUCIÓN, ETC.
Lugar de publicación, distribución, etc. México :
Nombre del editor, distribuidor, etc. Trillas,
Fecha de publicación, distribución, etc. 1990 (1999 impr.)
300 ## - DESCRIPCIÓN FÍSICA
Extensión 124 p. :
Otras características físicas il.
440 #0 - MENCIÓN DE SERIE/ASIENTO SECUNDARIO--TÍTULO
Título Serie pedagogía para la primera infancia ;
Designación de volumen o secuencia 3
650 #4 - ASIENTO SECUNDARIO DE MATERIA - TERMINO TEMATICO
Término de materia o nombre geográfico como elemento de entrada Desarrollo infantil
9 (RLIN) 176
650 #4 - ASIENTO SECUNDARIO DE MATERIA - TERMINO TEMATICO
Término de materia o nombre geográfico como elemento de entrada Afectividad
9 (RLIN) 2027
650 #4 - ASIENTO SECUNDARIO DE MATERIA - TERMINO TEMATICO
Término de materia o nombre geográfico como elemento de entrada Educación preescolar
9 (RLIN) 1517
650 #4 - ASIENTO SECUNDARIO DE MATERIA - TERMINO TEMATICO
Término de materia o nombre geográfico como elemento de entrada Juegos educativos
9 (RLIN) 3952
905 ## - TIPO DE MATERIAL
Tipo de material Libro
Holdings
Estado de retiro Estado de pérdida Fuente del sistema de clasificación o colocación Estado dañado No para préstamo Código de colección Localización permanente Ubicación/localización actual Ubicación en estantería Fecha de adquisición Total de préstamos Clasificación Código de barras Fecha visto por última vez Fecha del último préstamo Número de copia Tipo de ítem Koha Renovaciones totales
    Library of Congress Classification     Colección General Bib. Gregorio Torres Quintero Bib. Gregorio Torres Quintero Planta baja 15/02/2023 41 LB1117 A4.2 1990 222423 17/04/2023 28/03/2023 1 Libro  
    Library of Congress Classification     Colección General Bib. Gregorio Torres Quintero Bib. Gregorio Torres Quintero Planta baja 06/10/2022 58 LB1117 A4.2 1990 168089 30/05/2025 16/05/2025 1 Libro 1
    Library of Congress Classification     Colección General Bib. Gregorio Torres Quintero Bib. Gregorio Torres Quintero Planta baja   37 LB1117 A4.2 1990 222424 31/12/2020   1 Libro  
    Library of Congress Classification     Colección General Bib. Gregorio Torres Quintero Bib. Gregorio Torres Quintero Planta baja 06/10/2022 50 LB1117 A4.2 1990 168088 15/03/2023 03/02/2023 1 Libro 2